00739nam a2200169 a 450000100100000000500170001000800410002704000250006810000340009324501610012726000360028830000200032450400730034470000300041795201050044799900170055200004035020201002034057.0130822s1966 cl 000 0 spa d aDO-SdBNPbspacBNPHU1 aMartin Lipset, Saymour96664710aEstados Unidos :bjuicio y análisis, los Estados Unidos en una perspectiva histórica comparativa /c, Seymour Martin Lipset ; traducción Sara Galofre. aCali, Colombia :bNorma,c1966. a560 p ;c22 cm. aIncluye referencias bibliográficas y notas al pie de las páginas1 aGalofre, Saraetr.966648 001050718MOaGRbGRcCTd2013-08-22iLF1l0o p40350-10r2020-06-25w2020-06-25y1ZNo se presta c39840d39840